Statistics for Juventus Players winners of International Throphies

Click here to take the quiz!

General Stats

  • This quiz has been taken 44 times
    (28 since last reset)
  • The average score is 27 of 47

Answer Stats

TournamentEditionTeamAnswer% Correct
World Cup2022 QatarArgentinaAngel Di Maria
100%
Nations League2020-21 ItalyFranceAdrien Rabiot
95%
Nations League2018-19 PortugalPortugalCristiano Ronaldo
95%
World Cup2006 GermanyItalyGianluigi Buffon
95%
World Cup2006 GermanyItalyFabio Cannavaro
90%
Euro Cup2020 EuroItalyGiorgio Chiellini
90%
Nations League2019-20 USAUSAWeston McKennie
90%
World Cup1998 FranceFranceZinedine Zidane
90%
Euro Cup2000 Belgium/NetherlandsFranceZinedine Zidane
90%
World Cup2006 GermanyItalyAlessandro Del Piero
86%
Copa America2019 BrazilBrazilAlex Sandro
86%
Copa America2015 ChileChileArturo Vidal
86%
Euro Cup2020 EuroItalyFederico Chiesa
86%
Nations League2018-19 PortugalPortugalJoao Cancelo
86%
Euro Cup2020 EuroItalyLeonardo Bonucci
86%
World Cup2018 RussiaFranceBlaise Matuidi
81%
World Cup2006 GermanyItalyGianluca Zambrotta
81%
World Cup2022 QatarArgentinaLeandro Paredes
81%
Euro Cup1984 FranceFranceMichel Platini
81%
World Cup1982 SpainItalyPaolo Rossi
81%
Euro Cup2020 EuroItalyFederico Bernardeschi
76%
World Cup1982 SpainItalyGaetano Scirea
71%
Confederations Cup2003 FranceFranceLilian Thuram
71%
World Cup2006 GermanyItalyMauro Camoranesi
71%
World Cup1998 FranceFranceDidier Deschamps
67%
World Cup1982 SpainItalyMarco Tardelli
67%
World Cup1982 SpainItalyDino Zoff
62%
Confederations Cup2005 GermanyBrazilEmerson
57%
World Cup1982 SpainItalyAntonio Cabrini
52%
World Cup1982 SpainItalyClaudio Gentile
48%
Euro Cup1964 SpainSpainLuis del Sol
33%
World Cup1934 ItalyItalyFelice Borel
29%
World Cup1934 ItalyItalyGianpiero Combi
29%
Olympics1936 BerlinItalyPietro Rava
29%
World Cup1938 FranceItalyPietro Rava
29%
World Cup1934 ItalyItalyGiovanni Ferrari
24%
World Cup1934 ItalyItalyRaimundo Orsi
24%
Euro Cup1968 ItalyItalySandro Salvadore
24%
World Cup1934 ItalyItalyVirginio Rosetta
24%
World Cup1934 ItalyItalyUmberto Caligaris
19%
Euro Cup1968 ItalyItalyErnesto Castano
14%
World Cup1934 ItalyItalyLuis Monti
14%
World Cup1934 ItalyItalyMario Varglien
14%
World Cup1938 FranceItalyAlfredo Foni
10%
Olympics1936 BerlinItalyAlfredo Foni
10%
Euro Cup1968 ItalyItalyGiancarlo Bercellino
10%
World Cup1934 ItalyItalyLuigi Bertolini
5%

Score Distribution

Percentile by Number Answered

Percent of People with Each Score

Your Score History

You have not taken this quiz since the last reset